<?xml version="1.0" encoding="UTF-8"?><?xml-stylesheet type="text/xsl" href="static/style.xsl"?><OAI-PMH xmlns="http://www.openarchives.org/OAI/2.0/" xmlns:xsi="http://www.w3.org/2001/XMLSchema-instance" xsi:schemaLocation="http://www.openarchives.org/OAI/2.0/ http://www.openarchives.org/OAI/2.0/OAI-PMH.xsd"><responseDate>2026-04-14T04:00:22Z</responseDate><request verb="GetRecord" identifier="oai:www.recercat.cat:20.500.12327/2924" metadataPrefix="marc">https://recercat.cat/oai/request</request><GetRecord><record><header><identifier>oai:recercat.cat:20.500.12327/2924</identifier><datestamp>2025-10-22T11:04:56Z</datestamp><setSpec>com_2072_4428</setSpec><setSpec>com_2072_4427</setSpec><setSpec>col_2072_487898</setSpec></header><metadata><record xmlns="http://www.loc.gov/MARC21/slim" xmlns:dcterms="http://purl.org/dc/terms/" xmlns:xsi="http://www.w3.org/2001/XMLSchema-instance" xmlns:doc="http://www.lyncode.com/xoai" xsi:schemaLocation="http://www.loc.gov/MARC21/slim http://www.loc.gov/standards/marcxml/schema/MARC21slim.xsd">
   <leader>00925njm 22002777a 4500</leader>
   <datafield ind2=" " ind1=" " tag="042">
      <subfield code="a">dc</subfield>
   </datafield>
   <datafield ind2=" " ind1=" " tag="720">
      <subfield code="a">Guesmi, B.</subfield>
      <subfield code="e">author</subfield>
   </datafield>
   <datafield ind2=" " ind1=" " tag="720">
      <subfield code="a">Serra, T.</subfield>
      <subfield code="e">author</subfield>
   </datafield>
   <datafield ind2=" " ind1=" " tag="720">
      <subfield code="a">Kallas, Z.</subfield>
      <subfield code="e">author</subfield>
   </datafield>
   <datafield ind2=" " ind1=" " tag="720">
      <subfield code="a">Gil Roig, J.M.</subfield>
      <subfield code="e">author</subfield>
   </datafield>
   <datafield ind2=" " ind1=" " tag="260">
      <subfield code="c">2012-06-07</subfield>
   </datafield>
   <datafield ind2=" " ind1=" " tag="520">
      <subfield code="a">Knowledge about productivity and efficiency differences between conventional and organic farms has important&#xd;
implications for the evaluation of the economic viability of these two agricultural practices. The main purpose of this&#xd;
study was to compare the efficiency ratings of organic and conventional grape farms in Catalonia. To do so, we fit a&#xd;
stochastic production frontier to cross sectional, farm-level data collected from a sample of 141 Catalan farms that&#xd;
specialize in grape growing. Results show that organic farmers, on average, are more efficient than their conventional&#xd;
counterparts (efficiency ratings are on the order of 0.80 and 0.64, respectively). Apart from adoption of organic practices, experience is also found to improve technical efficiency. Conversely, technical efficiency tends to decrease with&#xd;
the relevance of unpaid family labor, farm location in less favored areas, and farmers’ strong environmental preservation preferences.</subfield>
   </datafield>
   <datafield ind1="8" ind2=" " tag="024">
      <subfield code="a">Guesmi, Bouali, Teresa Serra, Zein Kallas, and José M. Gil. 2012. “The Productive Efficiency of Organic Farming: The Case of Grape Sector in Catalonia.” Spanish Journal of Agricultural Research 10 (3): 552-566. doi:10.5424/sjar/2012103-462-11.</subfield>
   </datafield>
   <datafield ind1="8" ind2=" " tag="024">
      <subfield code="a">1695-971X</subfield>
   </datafield>
   <datafield ind1="8" ind2=" " tag="024">
      <subfield code="a">http://hdl.handle.net/20.500.12327/2924</subfield>
   </datafield>
   <datafield ind1="8" ind2=" " tag="024">
      <subfield code="a">https://doi.org/10.5424/sjar/2012103-462-11</subfield>
   </datafield>
   <datafield ind2="0" ind1="0" tag="245">
      <subfield code="a">The productive efficiency of organic farming: the case of grape sector in Catalonia</subfield>
   </datafield>
</record></metadata></record></GetRecord></OAI-PMH>